Microbial characterization and water quality assessment of integrated constructed wetland (Record no. 535983)

000 -LEADER
fixed length control field 00661nam a22001817a 4500
003 - CONTROL NUMBER IDENTIFIER
control field NUST
038 ## - RECORD CONTENT LICENSOR
Staff Name IESE
082 ## - DEWEY DECIMAL CLASSIFICATION NUMBER
Classification number 363.7
Author Mark NAS
100 ## - MAIN ENTRY--PERSONAL NAME
Personal name Kanza Naseer
9 (RLIN) 30935
245 ## - TITLE STATEMENT
Title Microbial characterization and water quality assessment of integrated constructed wetland
Statement of responsibility, etc. Kanza Naseer
260 ## - PUBLICATION, DISTRIBUTION, ETC.
Place of publication, distribution, etc. Islamabad
Name of publisher, distributor, etc. IESE (SCEE) NUST
Date of publication, distribution, etc. 2019
300 ## - PHYSICAL DESCRIPTION
Extent 51p.
440 ## - SERIES STATEMENT/ADDED ENTRY--TITLE
Title MS Environmental Science
9 (RLIN) 1724
500 ## - GENERAL NOTE
General note Thesis MS ES
650 ## - SUBJECT ADDED ENTRY--TOPICAL TERM
Topical term or geographic name entry element Environmental Science
9 (RLIN) 1725
700 ## - ADDED ENTRY--PERSONAL NAME
Relator code Dr. Imran Hashmi (Supervisor)
942 ## - ADDED ENTRY ELEMENTS (KOHA)
Source of classification or shelving scheme
Koha item type Thesis
Call number prefix IESE
Holdings
Withdrawn status Lost status Source of classification or shelving scheme Damaged status Not for loan Permanent Location Current Location Shelving location Date acquired Total Checkouts Full call number Barcode Date last seen Price effective from Koha item type
        Not For Loan Institute of Environmental Science and Engineering (IESE) Institute of Environmental Science and Engineering (IESE) Thesis 09/29/2020   363.7 NAS IESE-T-734 09/29/2020 09/29/2020 Thesis
© 2023 Central Library, National University of Sciences and Technology. All Rights Reserved.